| 000 | 00626nam a22002057a 4500 | ||
|---|---|---|---|
| 999 |
_c15692 _d15692 |
||
| 003 | AR-CdUCM | ||
| 008 | 190429b ||||| |||| 00| 0 spa d | ||
| 040 |
_aMUNICIPALIDAD PROVINCIAL DEL CUSCO _cBIBLIOTECA MUNICIPAL DEL CUSCO |
||
| 082 |
_a780 / _bR454 / 1977 |
||
| 110 |
_aPaja brava _934853 |
||
| 245 | _aRevista cancionero del folklore puneño / | ||
| 260 |
_aPuno : _c1979. |
||
| 300 |
_a18 páginas : _c16 cm. |
||
| 505 | _aContenido: Música puneña. | ||
| 650 |
_aMúsica puneña _934854 |
||
| 650 |
_aCancionero _96729 |
||
| 650 |
_aRevista de música _934855 |
||
| 942 |
_2ddc _cLIBROS |
||
| 945 |
_adavv _d29/04/2019 |
||